00582 a2200169 4500003000500000005001700005040000900022082001000031100003400041245006700075260004200142300001100184505016100195538003100356650001400387651001100401Nust20170207153158.0 cNust a005.8 aPirzada, Asad Amir ( MSIS-1) aHigh volume secure data hiding in videocAsad Amir Pirzada  bMCS (NUST)cJanuary, 2003aRawalpindi a69, p. aOverview (page-1) Background (page-8) Design and implementation (page-18) Steganalysis of proposed scheme (page-36) Conclusion and recommendations (page-59) aAlmirah No. 70 Shelf No. 3 aPG Thesis aMSIS-1